| Tag |
First Indicator |
Second Indicator |
Subfields |
| LEADER |
00000cam a2200000 4500 |
| 001 |
in00000077329 |
| 005 |
20151008052724.0 |
| 008 |
800110s1917 mau 00010 eng |
| 010 |
|
|
|a 17011342
|
| 035 |
|
|
|a (OCoLC)05860691
|
| 035 |
|
|
|9 AAH4623AM
|
| 040 |
|
|
|a DLC
|c CLE
|d TXA
|d UtOrBLW
|
| 049 |
|
|
|a TXAM
|c [9649]
|
| 050 |
|
0 |
|a GV53
|b .S5
|
| 092 |
|
|
|a 331.84
|b S62
|
| 100 |
1 |
|
|a Sizer, James Peyton.
|
| 245 |
1 |
4 |
|a The commercialization of leisure /
|c by James Peyton Sizer.
|
| 264 |
|
1 |
|a Boston :
|b R.G. Badger,
|c [etc., etc[1917]
|
| 264 |
|
4 |
|c [©1917]
|
| 300 |
|
|
|a 91 pages ;
|c 20 cm.
|
| 336 |
|
|
|a text
|b txt
|2 rdacontent
|
| 337 |
|
|
|a unmediated
|b n
|2 rdamedia
|
| 338 |
|
|
|a volume
|b nc
|2 rdacarrier
|
| 490 |
0 |
|
|a Present day problems series
|
| 650 |
|
0 |
|a Amusements.
|
| 650 |
|
0 |
|a Social problems.
|
| 999 |
|
|
|a MARS
|
| 999 |
f |
f |
|s 9e04e1c9-fc0f-386c-a231-14cd76c18e2f
|i a457d64c-3375-32a9-a92f-7b20c849904a
|t 0
|
| 952 |
f |
f |
|p ric
|a Texas A&M University
|b Rellis Campus
|c Joint Library Facility
|d Remote Storage
|t 0
|e GV53 .S5
|h Library of Congress classification
|i unmediated -- volume
|m A14800722625
|
| 998 |
f |
f |
|a GV53 .S5
|t 0
|l Remote Storage
|